00563nam a2200145Ia 4500008004100000100001900041245012500060245004600185260000900231300001000240650001300250856006200263999001900325952007300344170221s9999 xx 000 0 und d aErnest Gyapong aDo Women and Ethnic Minority Directors Influence Firm Value? Evidence from Post-Apartheid South Africa (pages 370–413) cErnest Gyapong, Reza M. Monem and Fang Hu c2014 a3 : 4 xBusiness uhttp://onlinelibrary.wiley.com/doi/10.1111/jbfa.12175/pdf c313262d313262 001040aCLbCLd2017-02-21l0r2017-02-21 00:00:00w2017-02-21yFOJ